Southville International School and Colleges
Your cart is empty.
  • Cart
  • Lists
    Public lists Eva Luna New books Lux_list list_1
    Your lists Log in to create your own lists
  • Log in to your account
  • Your cookies
  • Search history
Southville International School and Colleges
  • Advanced search
  • Recent comments
  • Most popular
  • Libraries

Log in to your account

Log in with GOOGLE


If you do not have an external account, but do have a local account, you can still log in:

  1. Home
  2. MARC view: Shapes: how do you say it? :
Normal view MARC view ISBD view

Shapes: how do you say it? : (Record no. 102647)

[ view plain ]
MARC details
000 -LEADER
fixed length control field 00731nam a2200205 a 4500
005 - DATE AND TIME OF LATEST TRANSACTION
control field 20140412111240.0
008 - FIXED-LENGTH DATA ELEMENTS--GENERAL INFORMATION
fixed length control field 020417s19uu xx 00 eng d
020 ## - INTERNATIONAL STANDARD BOOK NUMBER
International Standard Book Number 0-688-06952-5
050 ## - LIBRARY OF CONGRESS CALL NUMBER
Classification number M 516.2
Item number D86 1987
100 ## - MAIN ENTRY--PERSONAL NAME
Personal name Dunham, Meredith
245 ## - TITLE STATEMENT
Title Shapes: how do you say it? :
Remainder of title English, French, Spanish, Italian /
Statement of responsibility, etc by Meredith Dunham.
260 ## - PUBLICATION, DISTRIBUTION, ETC. (IMPRINT)
Place of publication, distribution, etc New York :
Name of publisher, distributor, etc William Morrow & Company,
Date of publication, distribution, etc 1987.
300 ## - PHYSICAL DESCRIPTION
Extent 1 v. (unp.) ; ill.
520 ## - SUMMARY, ETC.
Summary, etc Introduces different shapes in illustrations and appropriate descriptive words in Engliash, French, Spanish and Italian.
650 ## - SUBJECT ADDED ENTRY--TOPICAL TERM
Topical term or geographic name as entry element Geometry
General subdivision Juvenile literature
650 ## - SUBJECT ADDED ENTRY--TOPICAL TERM
Topical term or geographic name as entry element Shape
650 ## - SUBJECT ADDED ENTRY--TOPICAL TERM
Topical term or geographic name as entry element Geometry
650 ## - SUBJECT ADDED ENTRY--TOPICAL TERM
Topical term or geographic name as entry element Picture dictionary, Polygot
Holdings
Withdrawn status Lost status Damaged status Home library Current library Shelving location Date acquired Source of acquisition Total Checkouts Full call number Barcode Date last seen Price effective from Koha item type
      Elizalde Library Elizalde Library Main Section 04/17/2002     M 516.2 D86 1987 E2346 04/12/2014 04/12/2014 Books

Shapes: how do you say it? :

APA

Dunham M., . (1987). Shapes: how do you say it?. New York: William Morrow & Company.

Chicago

Dunham Meredith, . 1987. Shapes: how do you say it?. New York: William Morrow & Company.

Harvard

Dunham M., . (1987). Shapes: how do you say it?. New York: William Morrow & Company.

MLA

Dunham Meredith, . Shapes: how do you say it?. New York: William Morrow & Company. 1987.

  • Place hold
  • Print
  • Cite
  • Add to your cart (remove)
  • Save record
    BIBTEX Dublin Core MARCXML MARC (non-Unicode/MARC-8) MARC (Unicode/UTF-8) MARC (Unicode/UTF-8, Standard) MODS (XML) RIS
  • More searches
    Search for this title in:
    Other Libraries (WorldCat) Other Databases (Google Scholar) Online Stores (Bookfinder.com) Open Library (openlibrary.org)

Exporting to Dublin Core...

SOUTHVILLE LIBRARY

Southville International School and Colleges Library

1281 Tropical Ave. Cor. Luxembourg St., BF Homes International, Las Pinas City

Tel. No. 8256374 / 252358 Loc. 117/146

Powered by Koha